Nemliečne fermentované nápoje na báze čajového nálevu

Enregistré dans:
Détails bibliographiques
Auteur principal: Mitošinková, Monika (Auteur)
Autres auteurs: Žemlička, Lukáš (Directeur de thèse)
Format: Manuscrit Livre
Langue:slovaque
Publié: 2025
Sujets:
Accès en ligne:http://is.stuba.sk/zp/portal_zp.pl?podrobnosti=168741
Tags: Ajouter un tag
Pas de tags, Soyez le premier à ajouter un tag!

MARC

LEADER 00000ntm a22000003a 4500
001 stuzp104975
003 SK-STU
005 20250628212217.7
007 ta
008 150427s2015----xo-----f-mn---000-0-slo-d
040 |a STU  |b slo 
041 0 |a slo 
100 1 |a Mitošinková, Monika  |u 040270  |4 aut  |U FCHPT Ústav potravinárstva a výživy  |T FCHPT Oddelenie výživy a hodnotenia kvality potravín  |X 116007  |U C0270  |Y 686  |7 116007 
242 0 1 |a Non-dairy fermented beverages based on tea infusion  |y eng 
245 1 0 |a Nemliečne fermentované nápoje na báze čajového nálevu 
260 |c 2025 
650 4 |a kvasinky  |2 slo 
650 4 |a kombucha  |2 slo 
650 4 |a fermentácia  |2 slo 
650 4 |a čajový nápoj  |2 slo 
650 4 |a SCOBY  |2 slo 
650 4 |a baktérie  |2 slo 
650 4 |a mikroorganizmy  |2 slo 
650 4 |a fermentation  |2 eng 
650 4 |a kombucha  |2 eng 
650 4 |a tea beverage  |2 eng 
650 4 |a SCOBY  |2 eng 
650 4 |a yeast  |2 eng 
650 4 |a bacteria  |2 eng 
650 4 |a microorganisms  |2 eng 
700 1 |a Žemlička, Lukáš  |u 040270  |k Z1  |4 ths  |U FCHPT Ústav potravinárstva a výživy  |T FCHPT Oddelenie výživy a hodnotenia kvality potravín  |X 22461  |U C0270  |Y 686  |7 A000022461 
856 4 |u http://is.stuba.sk/zp/portal_zp.pl?podrobnosti=168741